Estambul: (Registro nro. 30534)
[ vista simple ]
| 000 -LÍDER | |
|---|---|
| campo de control de longitud fija | 02130nam a22002777a 4500 |
| 005 - FECHA Y HORA DE LA ÚLTIMA | |
| campo de control | 20250421142708.0 |
| 008 - ELEMENTOS DE DATOS DE LONGITUD FIJA - INFORMACIÓN GENERAL | |
| campo de control de longitud fija | 240208b |||||||| |||| 00| 0 eng d |
| 020 ## - NÚMERO INTERNACIONAL NORMALIZADO DEL LIBRO | |
| Número de libro estándar internacional | 9788499080314 |
| 037 ## - FUENTE DE ADQUISICIÓN | |
| Materials specified | Donación |
| 040 ## - FUENTE DE CATALOGACIÓN | |
| Agencia de catalogación original | CO-JMCR |
| Agencia de transcripción | CO-JMCR |
| Agencia modificadora | CO-JMCR |
| Convenciones de descripción | rda |
| 082 ## - NÚMERO DE CLASIFICACIÓN DECIMAL DEWEY | |
| Número de clasificación | A-N |
| Número de artículo | PAMe 3a. ed. Ej.1 |
| 100 ## - ENTRADA PRINCIPAL - NOMBRE PERSONAL | |
| Término relativo | autor |
| Nombre personal | Pamuk, Orhan |
| 9 (RLIN) | 43236 |
| 245 ## - DECLARACIÓN DEL TÍTULO | |
| Título | Estambul: |
| Resto del título | Ciudades y recuerdos/ |
| Declaración de responsabilidad, etc. | Orhan Pamuk |
| 246 ## - FORMA VARIABLE DEL TÍTULO | |
| Título propiamente dicho/título corto | Instanbul: |
| Resto del título | Hatiralar ve sehir |
| 250 ## - DECLARACIÓN DE EDICIÓN | |
| Declaración de edición | Tercera edición |
| 260 ## - PUBLICACIÓN, DISTRIBUCIÓN, ETC. | |
| Lugar de publicación, distribución, etc. | Barcelona |
| Nombre del editor, distribuidor, etc. | Debolsillo |
| Fecha de publicación, distribución, etc. | 2010 |
| 300 ## - DESCRIPCIÓN FÍSICA | |
| Medida | 437 páginas |
| Otros detalles fisicos | Fotografías a blanco y negro |
| Dimensiones | 19 cm |
| 500 ## - NOTA GENERAL | |
| Nota general | Incluye indice de las fotografías |
| 500 ## - NOTA GENERAL | |
| Nota general | Incluye indice onomástico |
| 505 ## - NOTA DE CONTENIDO FORMATEADO | |
| Nota de contenido formateada | EL otro Orhan -- Fotografías de la oscura casa-museo -- Yo -- La amargura de las mansiones derruidas de los bajás: el descubrimiento de las calles |
| 520 ## - RESUMEN, ETC. | |
| Resumen, etc | "Orhan Pamuk cuenta su vida hasta los veinte años, en que decidió abandonar sus estudios de arquitectura para dedicarse a escribir. Habla de su infancia, vivida sobre todo en interiores. Un doble interior: su vida interior en la casa familiar; aunque también vivida los domingos en la calle, junto al Bósforo, paseando en el Ford Taurus de su padre. Habla de su adolescencia, en la que comienza su vida de flâneur, de solitario caminante por las calles entonces vacías de Estambul, y también su vida de fotógrafo, de mirón, de contador de barcos, de culposo inventor de aventuras sexuales, de lector obsesivo. En el libro no se eluden las cuestiones histórico-políticas, y Orhan Pamuk habla de los golpes militares que acontecían; y habla también de la religión, del islam político, que tiene mucho menos que ver con ella de lo que habitualmente se cree; y también habla de los conflictos lingüísticos: cómo han desaparecido de Estambul las lenguas que tradicionalmente se hablaban y cómo se impide en Turquía que las minorías puedan expresarse en su lengua" |
| 650 ## - ENTRADA AÑADIDA DE ASUNTO - TÉRMINO TEMÁTICO | |
| Fuente del encabezado o término | JMCR |
| -- | Literarura turca |
| Subdivisión general | Biografías |
| 9 (RLIN) | 43286 |
| 651 ## - | |
| -- | Estambul (Turquia) |
| -- | Viajes y costumbres |
| -- | 43287 |
| 700 ## - ENTRADA AGREGADA - NOMBRE PERSONAL | |
| Nombre personal | Carpintero, Rafael |
| Término relativo | Traductor |
| 9 (RLIN) | 43288 |
| 942 ## - ELEMENTOS DE ENTRADA AÑADIDOS (KOHA) | |
| Source of classification or shelving scheme | Dewey Decimal Classification |
| Tipo de artículo Koha | Books |
| 999 ## - | |
| -- | 30534 |
| -- | 16918 |
| Estado retirado |
|---|